000 00270nam a2200121Ia 4500
008 241014s9999||||xx |||||||||||||| ||und||
020 _aN/A
060 _a 2006
100 _aHaneef, S.M
245 0 _aText book Of Paediatrics
260 _bPPA
_c2006
942 _bDIMC
_cBK
999 _c9705
_d9705